Technical efficiency of banks selected countries of Eastern Europe

Ekonometrická analýza technickej efektívnosti vybraných bánk východnej Európy pomocu DEA analýzy. Porovnanie jednotlivých bánk z pohľadu schopnosti prekonania finančnej krízy.

Salvato in:
Dettagli Bibliografici
Autore principale: Horvátová, Eva, 1958-
Natura: Capitolo di libro
Lingua:inglese
Soggetti:
Tags: Aggiungi Tag
Nessun Tag, puoi essere il primo ad aggiungerne!!

MARC

LEADER 00000naa$a2200000$$$4500
001 0235605
005 20240502083627.8
041 0 |a eng 
044 |a CZ 
245 1 0 |a Technical efficiency of banks selected countries of Eastern Europe  |c Eva Horvátová 
520 |a Ekonometrická analýza technickej efektívnosti vybraných bánk východnej Európy pomocu DEA analýzy. Porovnanie jednotlivých bánk z pohľadu schopnosti prekonania finančnej krízy. 
610 2 0 |a banky 
610 2 0 |a výkonnosť podniku 
610 2 0 |a analýza obaľovania dát 
610 2 0 |a ekonometria 
610 2 0 |a analýza ekonometrická 
610 2 0 |a východná Európa 
100 1 |a Horvátová, Eva, 1958-